| 000 | 00735nam a22002177a 4500 | ||
|---|---|---|---|
| 999 |
_c20812 _d20812 |
||
| 003 | AR-CdUCM | ||
| 008 | 190225b ||||| |||| 00| 0 spa d | ||
| 040 |
_aMUNICIPALIDAD PROVINCIAL DEL CUSCO _cBIBLIOTECA MUNICIPAL DEL CUSCO |
||
| 082 |
_a869.503 / _bM77 |
||
| 100 |
_aMontoya Terrones, Fabián _93666 |
||
| 245 |
_aEl yacuruna : _blibro de lectura / |
||
| 260 |
_aLa Perla-Callao : _bInstituto del Libro y la Lectura, |
||
| 300 |
_a144 páginas ; _c21 cm. |
||
| 505 | _aContenido: Historias y poemas para niños. | ||
| 650 |
_aLiteratura infantil _9588 |
||
| 650 |
_aLibros de lectura _93644 |
||
| 650 |
_aLiteratura peruana _9169 |
||
| 700 |
_aLuna, Elvis (portada y dibujos) _93667 |
||
| 942 |
_2ddc _cLIBROS |
||
| 945 | _aJavier | ||